| Поле | Название | Значение |
| |
Тип записи |
a |
| |
Библиографический уровень |
m |
| 001 |
Контрольный номер |
d1c88be28ed7417d961bb74430864adc |
| 005 |
Дата корректировки |
20140528151526.1 |
| 010 |
Индекс ISBN |
__ |
| a |
ISBN |
978-5-91730-079-5 |
| 101 |
Язык документа |
0_ |
| a |
Язык текста |
rus |
| 102 |
Страна публикации |
__ |
| a |
Страна публикации |
RU |
| 200 |
Заглавие и сведения об ответственности |
1_ |
| a |
Заглавие |
Как защитить свои права? |
| e |
Сведения, относящиеся к заглавию |
бюллетень № 2 |
| f |
Первые сведения об ответственности |
Е. А. Певцова, Т. Ф. Акчурин, О. И. Полкунова |
| 210 |
Выходные данные |
1_ |
| c |
Издательство |
Канцлер |
| a |
Место издания |
М. |
| x |
|
Ярославль |
| d |
Дата издания |
2011 |
| 215 |
Физическое описание |
__ |
| a |
Объем |
147, [1] с. |
| 300 |
Общие примечания |
__ |
| a |
Общие примечания |
Проект "Детская правовая школа" |
| 610 |
Ключевые слова |
0_ |
| a |
Ключевые слова |
права человека |
| 610 |
Ключевые слова |
0_ |
| a |
Ключевые слова |
несовершеннолетние |
| 610 |
Ключевые слова |
0_ |
| a |
Ключевые слова |
защита прав ребенка |
| 610 |
Ключевые слова |
0_ |
| a |
Ключевые слова |
детская правовая школа |
| 610 |
Ключевые слова |
0_ |
| a |
Ключевые слова |
правовое воспитание |
| 686 |
Индексы других классификаций |
__ |
| a |
Классификационный индекс |
67.620.3 |
| 2 |
Код системы |
rubbk |
| 701 |
Альтернативная интеллектуальная ответственность |
_1 |
| a |
Фамилия |
Певцова |
| b |
Имя |
Е. А. |
| g |
Полное личное имя |
Елена Александровна |
| 701 |
Альтернативная интеллектуальная ответственность |
_1 |
| a |
Фамилия |
Акчурин |
| b |
Имя |
Т. Ф. |
| 701 |
Альтернативная интеллектуальная ответственность |
_1 |
| a |
Фамилия |
Полкунова |
| b |
Имя |
О. И. |
| 801 |
Источник записи |
_0 |
| a |
Страна |
RU |
| b |
Организация |
РУК |
| c |
Дата составления |
20111114 |
| g |
Правила каталогизации |
PSBO |
| 801 |
Источник записи |
_1 |
| a |
Страна |
RU |
| b |
Организация |
РУК |
| c |
Дата составления |
20111114 |
| g |
Правила каталогизации |
PSBO |
| 852 |
Данные о местонахождении |
__ |
| j |
Шифр хранения |
ББК 67 |
| i |
Авторский знак |
К 16 |
| 901 |
Тип документа |
__ |
| t |
Тип документа |
m |
| 912 |
Принадлежность преподавателя к РУК |
__ |
| a |
Принадлежность преподавателя к РУК |
Преподаватель Головного вуза |
| 938 |
Служебная информация |
__ |
| a |
Название организации |
Головной вуз |
| b |
Имя БД |
BOOK |
| c |
Название АИБС |
АИБС ИРБИС |